Qui est le maître de ce chien de fiction ? - Statistiques

Statistiques générales
  • Ce quiz a été pris 41 fois
  • Le résultat moyen est 10 sur 36
Statistiques - réponses
Chien de fiction Maître % Correct
Bill Boule
94%
Pluto Mickey Mouse
89%
Idéfix Obélix
86%
Milou Tintin
83%
Gromit Wallace
78%
Belle Sébastien
72%
Crockdur Hagrid
58%
Petit Papa Noel Homer Simpson/Bart Simpson
50%
Krypto Superman
50%
Ouaf Charlie
39%
Zero Jack Skellington
39%
Snoopy Charlie Brown
36%
Einstein (Einie) Emmett Brown
33%
Argos Ulysse
19%
Akamaru Kiba Inuzuka
17%
Patapouf Martine
17%
Rouky Amos Slade
14%
Lady Jim Chéri/Darling
14%
Odie Jon Arbuckle
14%
Pongo Roger Radcliff
14%
Rasemotte Andy Davis
11%
Beethoven George Newton/Alice Newton
11%
Pataud Cendrillon
6%
Toto Dorothée Gale
6%
Clifford Emily Elizabeth
6%
Roublard Fagin
6%
Uggie George Valentin
6%
Percy John Ratcliffe
6%
Le chien/Clebs Daryl Dixon
3%
Rintintin Rusty
3%
Magnum Thomas Sullivan Magnum
3%
Hachiko Parker Wilson
0%
Samantha Robert Neville
0%
Flash Rosco P. Coltrane
0%
Vincent Walt Lloyd
0%
Croc-Blanc Weedon Scott
0%
Aucun quiz correspondant
Distribution des résultats
% des personnes avec chaque résultat
Percentile par nombre de réponses
Votre historique - résultats
Vous n’avez pas pris ce quiz